000
00289nam a22001337a 4500
008
170216b xxu||||| |||| 00| 0 eng d
020
_a
2901416047758
041
_a
eng
080
_2
2ND
_a
615
100
_a
5
101
_a
SHF
245
_a
NCLEX-RN EXAMINATION
_c
BOYD, D
942
_2
udc
_c
BK
999
_c
5724
_d
5724